| 000 | 00549nam a22001937a 4500 | ||
|---|---|---|---|
| 003 | MPLRDC | ||
| 005 | 20220104192614.0 | ||
| 008 | 210129b ||||| |||| 00| 0 eng d | ||
| 020 | _a978-957-33-2451-5 | ||
| 082 | _a885.357 MAR-2 | ||
| 100 | _aYANN MARTEL | ||
| 245 |
_a少年PI的奇幻漂流 _c赵丕慧 译 |
||
| 250 | _a初版六刷 | ||
| 260 |
_a台湾 _b皇冠文化出版有限公司 _c2012 |
||
| 300 | _b平 | ||
| 490 | _a皇冠丛书: 第3768种; CHOICE: 157 | ||
| 650 | _a加拿大文学--长篇小说 | ||
| 942 |
_cBK _o885.357 MAR-2 |
||
| 999 |
_c64796 _d64786 |
||